000 00333nam a22001457a 4500
003 OSt
005 20160727222345.0
008 160621b xxu||||| |||| 00| 0 eng d
040 _ctest
100 _9238
_aSwill, J
245 _aGulliver's Travels
260 _aUK
_b Words Worth
_c1994
300 _aGulliver's Travels
942 _2ddc
_cBK
999 _c190
_d190